000 00862nam a2200241Ia 4500
003 OSt
005 20220923220256.0
006 a|||||r|||| 00| 0
007 ta
008 220922b |||||||| |||| 00| 0 hin d
024 _a185,616
037 _cTextual
040 _aARTS
_cARTS
_bhin
041 _2hin
_ahin
082 _aY1:1v1.C6, 152K3;M6
100 _aगोयल, श्रीराम
245 0 _aविश्व की प्राचीन सम्यताएं
_b 323 ई पूर्व तक
246 _aVishva kī prāchīn samyatāean: 323 ī0 pūrva taka
260 _aवाराणसी
_b विश्वविद्यालय प्रकाशन
_c1986
300 _a483 पृ.
_ccm.
942 _hY1:1v1.C6, 152K3;M6
_cTEXL
_2CC
999 _c338862
_d338862